000 01210nam a2200325 a 4500
003 CO-ViMGA
005 20230915233552.0
008 081118s2009 ck a jr 0001jbspa d
015 _ack-2009-xxxx
020 _a9789584516763
040 _aCO-ViMGA
_bspa
_cCO-ViMGA
041 1 _aspa
_heng
043 _an-us---
082 0 4 _aN PENt
_bP35t
_219
100 1 _aPennypacker, Sara.
_99832
245 1 3 _aLa talentosa Clementina /
_cSara Pennypacker ; traducción María del Mar Ravassa ; ilustraciones Marla Frazee.
250 _aEdición María Candelaria Posada y Ana María González Sanz.
260 _aBogotá :
_bGrupo Editorial Norma,
_c2009.
300 _a148 p. :
_bil. ;
_c21 cm.
440 0 _aColección torre de papel. Torre roja
_910627
534 _pTítulo original :
_tThe talented Clementine.
650 1 4 _aCuentos infantiles estadounidenses.
_9299
650 1 4 _aHumorismo
_v Cuentos infantiles.
_99834
700 1 _aFrazee, Marla,
_eil.
_97929
700 1 _aGonzález Sanz, Ana María,
_eed.
_910707
700 1 _aPosada, María Candelaria,
_d1949-,
_eed.
_910708
700 1 _aRavassa, Maria del Mar,
_etr.
_910706
942 _2ddc
_cBK
949 _an
_bn
999 _c36813
_d36813